Koleksi terpilih sasterawan negara

Bibliographic Details
Main Author: Usman Awang
Format: Book
Published: Kuala Lumpur : DBP , 1995
Subjects:

MARC

LEADER 00000cam a2200000 7i4500
001 0000006870
002 000007402
005 20000330.0
020 |a 9836251480 
090 0 0 |a 899.238   |b USM 
100 0 |a Usman Awang 
245 1 0 |a Koleksi terpilih sasterawan negara   |c Penyelenggara Dinsman 
260 |a Kuala Lumpur :   |b DBP ,   |c 1995 
300 |a 459p. ;   |c 21cm. 
600 0 0 |a Usman Awang,1929   |x Authorship 
650 0 0 |a Malay literature 
999 |a 052001   |b BUKU   |c MALAYSIANA   |e PERPUSTAKAAN KOMUNITI PETALING JAYA